| 000 | 00473cam a2200181 i 4500 | ||
|---|---|---|---|
| 020 | _a0194375129 : | ||
| 040 | _cDLC | ||
| 082 | 0 | 0 | _a428 OXF 1974 A022 Or. |
| 100 | 1 | _aGlendinning, Eric H. | |
| 245 | 1 | 0 | _aEnglish in mechanical engineering / |
| 250 | _aStudent's ed. | ||
| 260 |
_aLondon : _bOxford University Press, _c1974. |
||
| 300 |
_axi, 104 p. : _bill. ; _c24 cm. |
||
| 490 | 0 | _aEnglish in focus | |
| 650 | 0 | _aEnglish language | |
| 650 | 0 | _aReaders | |
| 942 | _cEK | ||
| 999 |
_c11622 _d11622 |
||